Southville International School and Colleges
Your cart is empty.
  • Cart
  • Lists
    Public lists Eva Luna New books Lux_list list_1
    Your lists Log in to create your own lists
  • Log in to your account
  • Your cookies
  • Search history
Southville International School and Colleges
  • Advanced search
  • Recent comments
  • Most popular
  • Libraries

Log in to your account

Log in with GOOGLE


If you do not have an external account, but do have a local account, you can still log in:

  1. Home
  2. MARC view: As you like it /
Normal view MARC view ISBD view

As you like it / (Record no. 13329)

[ view plain ]
MARC details
000 -LEADER
fixed length control field 00933cam a2200301 i 4500
001 - CONTROL NUMBER
control field 3160668
003 - CONTROL NUMBER IDENTIFIER
control field OSt
005 - DATE AND TIME OF LATEST TRANSACTION
control field 20140310182429.0
008 - FIXED-LENGTH DATA ELEMENTS--GENERAL INFORMATION
fixed length control field 760305s1975 enk b 000 0 eng
010 ## - LIBRARY OF CONGRESS CONTROL NUMBER
LC control number 75002896
015 ## - NATIONAL BIBLIOGRAPHY NUMBER
National bibliography number GB75-27385
040 ## - CATALOGING SOURCE
Original cataloging agency DLC
Transcribing agency DLC
Modifying agency DLC
050 ## - LIBRARY OF CONGRESS CALL NUMBER
Classification number PR 2803
Item number .Sh527 2004
100 1# - MAIN ENTRY--PERSONAL NAME
Personal name Shakespeare, William,
Dates associated with a name 1564-1616.
9 (RLIN) 7770
245 10 - TITLE STATEMENT
Title As you like it /
Statement of responsibility, etc William Shakespeare ; edited by Agnes Latham.
250 ## - EDITION STATEMENT
Edition statement Revised and reset ed.
260 ## - PUBLICATION, DISTRIBUTION, ETC. (IMPRINT)
Place of publication, distribution, etc London :
Name of publisher, distributor, etc Methuen,
Date of publication, distribution, etc c1975.
300 ## - PHYSICAL DESCRIPTION
Extent 135 p. :
Dimensions 23 cm.
490 0# - SERIES STATEMENT
Series statement The Arden Shakespeare
650 #0 - SUBJECT ADDED ENTRY--TOPICAL TERM
Topical term or geographic name as entry element Fathers and daughters
General subdivision Drama.
9 (RLIN) 7771
650 #0 - SUBJECT ADDED ENTRY--TOPICAL TERM
Topical term or geographic name as entry element Exiles
General subdivision Drama.
9 (RLIN) 7772
655 #7 - INDEX TERM--GENRE/FORM
Genre/form data or focus term Pastoral drama.
Source of term gsafd
9 (RLIN) 7773
655 #7 - INDEX TERM--GENRE/FORM
Genre/form data or focus term Comedies.
Source of term gsafd
9 (RLIN) 7774
700 1# - ADDED ENTRY--PERSONAL NAME
Personal name Latham, Agnes M. C.
Fuller form of name (Agnes Mary Christabel)
9 (RLIN) 7775
906 ## - LOCAL DATA ELEMENT F, LDF (RLIN)
a 7
b cbc
c orignew
d 2
e ocip
f 19
g y-gencatlg
942 ## - ADDED ENTRY ELEMENTS (KOHA)
Source of classification or shelving scheme Library of Congress Classification
Koha item type
Holdings
Withdrawn status Lost status Source of classification or shelving scheme Damaged status Home library Current library Shelving location Date acquired Total Checkouts Full call number Barcode Date last seen Copy number Price effective from Koha item type
    Library of Congress Classification   South SEED-LPDH College Library South SEED-LPDH College Library South SEED-LPDH College Section 03/09/2012   PR 2803 .Sh527 2004 SSLC0696 05/15/2018 1 11/06/2013 Books

As you like it /

APA

Shakespeare W., Latham A. M. C., . (1975). As you like it. London: Methuen.

Chicago

Shakespeare William, Latham Agnes M C, . 1975. As you like it. London: Methuen.

Harvard

Shakespeare W., Latham A. M. C., . (1975). As you like it. London: Methuen.

MLA

Shakespeare William, Latham Agnes M C, . As you like it. London: Methuen. 1975.

  • Place hold
  • Print
  • Cite
  • Add to your cart (remove)
  • Save record
    BIBTEX Dublin Core MARCXML MARC (non-Unicode/MARC-8) MARC (Unicode/UTF-8) MARC (Unicode/UTF-8, Standard) MODS (XML) RIS
  • More searches
    Search for this title in:
    Other Libraries (WorldCat) Other Databases (Google Scholar) Online Stores (Bookfinder.com) Open Library (openlibrary.org)

Exporting to Dublin Core...

SOUTHVILLE LIBRARY

Southville International School and Colleges Library

1281 Tropical Ave. Cor. Luxembourg St., BF Homes International, Las Pinas City

Tel. No. 8256374 / 252358 Loc. 117/146

Powered by Koha